000 00386nam a2200157Ia 4500
005 20241120165923.0
008 231221s9999 xx 000 0 und d
020 _a978756094123
082 _a720 ARC;1 R
100 _aArchiworld.
245 0 _aChina architect office IV
260 _c2007
_bArchiworld
_aKorea
300 _a263
650 _aChina,architect,office
942 _cAR
999 _c231568
_d231568